Il materno

保存先:
書誌詳細
第一著者: Bobbioni, Mariapia
フォーマット: 図書
言語:英語
出版事項: Pisa
タグ: タグ追加
タグなし, このレコードへの初めてのタグを付けませんか!

MARC

LEADER 00000nam a2200000 4500
001 CDOM0000003693
003 mi
005 20251003231907.0
008 251003b |||||||| |||| 00| 0 eng d
040 |c mi 
100 |a Bobbioni, Mariapia 
245 1 |a Il materno  
260 |a Pisa 
942 |2 ddc  |c BK 
952 |0 0  |1 0  |2 ddc  |4 0  |7 0  |9 6916  |a MI  |b MI  |d 2009-08-17  |i 5394  |l 0  |p CDOM5394  |r 2025-07-13 16:28:00  |w 2025-07-13  |x ACQUISTO  |y BK 
999 |c 5643  |d 5643